000 00866nam a2200277 a 4500
005 20200104041535.0
008 140306t1981 mduad fr|||| 001 0 eng d
020 _a0801827124
040 _aCO-BoIAVH
_cCO-BoIAVH
041 0 _aeng
044 _axxu
082 0 4 _a363.70561
_bP85e
100 1 _aPortney, Paul R.
245 1 0 _aEnvironmental regulation and the U.S. economy
260 _aBaltimore :
_bResources for the Future ,
_c1981.
300 _a163 páginas :
_bIlustraciones, gráficos;
_c23 x 16 cm.
500 _aIncluye índice.
650 1 6 _aPolítica ambiental
650 2 6 _aEconomía ambiental
650 2 6 _aRegulaciones ambientales
650 2 6 _aProtección del medio ambiente
662 _aEstados Unidos
700 1 _aKneese, Allen V.
700 1 _aPeskin, Henry M.
942 _cLIBRO
_2ddc
999 _c2758
_d2758